Most Populated U.S. Cities by Year - 1940 - Statistics

General Stats
  • This quiz has been taken 134 times
  • The average score is 19 of 20
Answer Stats
Population State Answer % Correct
3,396,800 Illinois Chicago
99%
1,504,300 California Los Angeles
99%
1,931,300 Pennsylvania Philadelphia
99%
770,800 Massachusetts Boston
98%
387,000 Indiana Indianapolis
98%
494,500 Louisiana New Orleans
98%
7,455,000 New York New York City
98%
663,100 District of Columbia Washington
98%
859,100 Maryland Baltimore
97%
1,623,500 Michigan Detroit
97%
671,700 Pennsylvania Pittsburgh
97%
634,500 California San Francisco
97%
816,000 Missouri St. Louis
97%
575,900 New York Buffalo
96%
878,300 Ohio Cleveland
96%
455,600 Ohio Cincinnati
95%
492,400 Minnesota Minneapolis
95%
399,200 Missouri Kansas City
94%
587,500 Wisconsin Milwaukee
94%
429,800 New Jersey Newark
90%
No matching quizzes found
Score Distribution
Percent of People with Each Score
Percentile by Number Answered
Your Score History
You have not taken this quiz